Restauració de terres : ecologia i recuperació de terres malmeses i degradades / A. D. Bradshaw i M.J. Chadwich ecologia i recuperació de terres malmeses i degradades / A. D. Bradshaw i M.J. Chadwich
Descripción Física:
393 p. : il. ; 24 cm
Colección:
Manuals ; 4
Otros Autores:
Chadwick, M. J.
Materias:
Ecologia
MARC
| LEADER | 00000nam a2200000Ia 4500 | ||
|---|---|---|---|
| 001 | 7983 | ||
| 008 | 160829s9999 xx 000 0 cat d | ||
| 080 | |a C-1-233 | ||
| 100 | |a Bradshaw, A. D. |9 20669 | ||
| 245 | |a Restauració de terres : |b ecologia i recuperació de terres malmeses i degradades / A. D. Bradshaw i M.J. Chadwich | ||
| 260 | |a Barcelona : |b Diputació de Barcelona. Servei del Medi Ambient, dl 1988 | ||
| 300 | |a 393 p. : |b il. ; |c 24 cm | ||
| 490 | |a Manuals ; 4 | ||
| 650 | |a Ecologia |9 37601 | ||
| 700 | 1 | |a Chadwick, M. J. |9 20670 | |
| 710 | 1 | |a Barcelona (Catalunya : Província). |b Servei de Medi Ambient |9 53475 | |
| 901 | |a Arxiu | ||
| 942 | |n 1 | ||
| 952 | |0 0 |1 0 |4 0 |6 C1233 |7 1 |9 41628 |a Arxiu |b Arxiu |d 2016-12-01 |l 0 |o C-1-233 |p 7983 |r 2016-12-01 00:00:00 |w 2016-12-01 |y ARXIU | ||
| 999 | |c 43518 |d 43518 | ||